MARC details
| 000 -LEADER |
| fixed length control field |
01064nam a22002897a 4500 |
| 003 - CONTROL NUMBER IDENTIFIER |
| control field |
OSt |
| 005 - DATE AND TIME OF LATEST TRANSACTION |
| control field |
20260406143251.0 |
| 008 - FIXED-LENGTH DATA ELEMENTS--GENERAL INFORMATION |
| fixed length control field |
260406b |||||||| |||| 00| 0 eng d |
| 020 ## - INTERNATIONAL STANDARD BOOK NUMBER |
| International Standard Book Number |
9780716626305 |
| 040 ## - CATALOGING SOURCE |
| Transcribing agency |
HS LRC |
| 050 ## - LIBRARY OF CONGRESS CALL NUMBER |
| Classification number |
BL 1055 |
| Item number |
.L581so 2016 |
| 100 ## - MAIN ENTRY--PERSONAL NAME |
| Personal name |
Leonard, Scott A. |
| 9 (RLIN) |
131548 |
| 245 ## - TITLE STATEMENT |
| Title |
Myths and legends of South Asia and Southeast Asia / |
| Statement of responsibility, etc. |
Scott A. Leonard |
| 260 ## - PUBLICATION, DISTRIBUTION, ETC. (IMPRINT) |
| Place of publication, distribution, etc. |
Chicago, Illinois : |
| Name of publisher, distributor, etc. |
World Book, |
| Date of publication, distribution, etc. |
c2016. |
| 265 ## - SOURCE FOR ACQUISITION/SUBSCRIPTION ADDRESS [OBSOLETE] |
| Source for acquisition/subscription address |
Phoenix Educational Systems, Inc. |
| 300 ## - PHYSICAL DESCRIPTION |
| Extent |
64 pages : |
| Other physical details |
color illustrations ; |
| Dimensions |
26 cm. |
| 365 ## - TRADE PRICE |
| Price amount |
1,667.00 |
| 440 ## - SERIES STATEMENT/ADDED ENTRY--TITLE |
| Title |
Famous Myths and Legends of the World |
| 9 (RLIN) |
24871 |
| 504 ## - BIBLIOGRAPHY, ETC. NOTE |
| Bibliography, etc |
Includes glossary, references and index. |
| 650 ## - SUBJECT ADDED ENTRY--TOPICAL TERM |
| Topical term or geographic name as entry element |
Mythology, Indic |
| General subdivision |
Juvenile literature |
| 9 (RLIN) |
131551 |
| 650 ## - SUBJECT ADDED ENTRY--TOPICAL TERM |
| Topical term or geographic name as entry element |
Hindu mythology |
| General subdivision |
Juvenile literature |
| 9 (RLIN) |
131552 |
| 650 ## - SUBJECT ADDED ENTRY--TOPICAL TERM |
| Topical term or geographic name as entry element |
Buddhist mythology |
| General subdivision |
Juvenile literature |
| 9 (RLIN) |
131553 |
| 650 ## - SUBJECT ADDED ENTRY--TOPICAL TERM |
| Topical term or geographic name as entry element |
Mythology, Southeast Asia |
| General subdivision |
Juvenile literature |
| 9 (RLIN) |
131554 |
| 650 ## - SUBJECT ADDED ENTRY--TOPICAL TERM |
| Topical term or geographic name as entry element |
India |
| General subdivision |
Folklore |
| Chronological subdivision |
Juvenile literature |
| 9 (RLIN) |
131555 |
| 650 ## - SUBJECT ADDED ENTRY--TOPICAL TERM |
| Topical term or geographic name as entry element |
Southeast Asia |
| General subdivision |
Folklore |
| Chronological subdivision |
Juvenile literature |
| 9 (RLIN) |
131556 |
| 942 ## - ADDED ENTRY ELEMENTS (KOHA) |
| Source of classification or shelving scheme |
Library of Congress Classification |
| Koha item type |
Books |